000 00256nam a22001217a 4500
008 181025b xxu||||| |||| 00| 0 eng d
041 _aeng
080 _a574
100 _a9
101 _aMJE
245 _aTheories Development
_cPeer.R
942 _2udc
_cBK
999 _c50919
_d50919